000 00295nam a22001337a 4500
008 180201b xxu||||| |||| 00| 0 eng d
020 _a2900077350061
041 _aeng
080 _212 ED
_a611
100 _a6
101 _aANA
245 _aHUMAN PHYSIOLOGY
_cSTUART.I.F
942 _2udc
_cBK
999 _c41509
_d41509